[Event "Gaprindashvili Cup (Women) 3rd"]
[Site "Tornelo INT"]
[Date "2020.11.12"]
[Round "2.4"]
[White "Melia, Salome"]
[Black "Khukhashvili, Sopiko"]
[Result "0-1"]
[WhiteElo "2371"]
[BlackElo "2334"]
[PlyCount "78"]
[EventDate "2020.11.12"]
[EventType "k.o. (rapid)"]
[EventRounds "4"]
[EventCountry "GEO"]
[SourceTitle "CBM 199 Extra"]
[Source "ChessBase"]
[SourceDate "2021.01.31"]
[SourceVersion "1"]
[SourceVersionDate "2021.01.31"]
[SourceQuality "1"]

1. e4 c5 2. Nf3 e6 3. d4 cxd4 4. Nxd4 a6 5. Bd3 b5 6. 0-0 Qb6 7. Nb3 Bb7 8. a4 b4 9. a5 Qc7 10. Be3 Nf6 11. N1d2 d5 12. Bb6 Qc8 13. Qe2 dxe4 14. Nxe4 Nxe4 15. Bxe4 Be7 16. Rad1 0-0 17. Rd3 Bxe4 18. Qxe4 Qc6 19. Qxc6 Nxc6 20. Rd7 Bf6 21. Rfd1 Bxb2 22. f4 g6 23. Kf1 Rfc8 24. g3 Bf6 25. R7d2 Ne7 26. Bd8 Kg7 27. g4 Nd5 28. Bxf6+ Kxf6 29. Kf2 Nxf4 30. Rd4 Nd5 31. R1d2 Rc3 32. h4 h6 33. Kg2 Rac8 34. Rf2+ Ke7 35. Rdd2 R8c4 36. Nd4 Ne3+ 37. Kg1 Nxg4 38. Rfe2 Ne3 39. Kf2 Nf5 0-1

[Event "Gaprindashvili Cup (Women)"]
[Site "Tornelo INT"]
[Date "2020.11.09"]
[Round "6"]
[White "Khukhashvili, Sopiko"]
[Black "Arabidze, Meri"]
[Result "0-1"]
[WhiteElo "2334"]
[BlackElo "2437"]
[PlyCount "102"]
[EventDate "2020.11.08"]
[EventType "swiss (rapid)"]
[EventRounds "9"]
[EventCountry "GEO"]
[SourceTitle "CBM 199 Extra"]
[Source "ChessBase"]
[SourceDate "2021.01.31"]
[SourceVersion "1"]
[SourceVersionDate "2021.01.31"]
[SourceQuality "1"]

1. e4 c5 2. Nf3 e6 3. d4 cxd4 4. Nxd4 Nc6 5. Nc3 a6 6. Be3 Nf6 7. Be2 d6 8. 0-0 Be7 9. Kh1 0-0 10. f4 Bd7 11. Qe1 b5 12. a3 Qb8 13. Nb3 b4 14. axb4 Nxb4 15. Qd2 Rd8 16. Na5 d5 17. e5 Ne4 18. Qc1 Rc8 19. Bd4 Bc5 20. Bxc5 Rxc5 21. Nxe4 dxe4 22. c3 Nd5 23. Qd2 Rc7 24. Nc4 Rb7 25. Ra2 Bb5 26. Nd6 e3 27. Qe1 Bxe2 28. Qxe2 Rb3 29. h3 Ra7 30. f5 exf5 31. Rxf5 Re7 32. Qxa6 g6 33. Rf1 Rxe5 34. Qc4 e2 35. Re1 Rb6 36. Ne4 Ne3 37. Qd3 Rbe6 38. Qxe3 Rxe4 39. Qc1 Qg3 40. b4 Qf2 41. c4 Rxc4 42. Qa1 Rc8 43. b5 Rce8 44. Qb1 h5 45. Rb2 Rf6 46. Kh2 Qf4+ 47. Kg1 Qe3+ 48. Kh2 Qf4+ 49. Kg1 Qf2+ 50. Kh2 Rf3 51. Rb4 Rg3 0-1

[Event "Gaprindashvili Cup (Women)"]
[Site "Tornelo INT"]
[Date "2020.11.08"]
[Round "3"]
[White "Khukhashvili, Sopiko"]
[Black "Kirtadze, Anastasia"]
[Result "1-0"]
[WhiteElo "2334"]
[BlackElo "1810"]
[PlyCount "61"]
[EventDate "2020.11.08"]
[EventType "swiss (rapid)"]
[EventRounds "9"]
[EventCountry "GEO"]
[SourceTitle "CBM 199 Extra"]
[Source "ChessBase"]
[SourceDate "2021.01.31"]
[SourceVersion "1"]
[SourceVersionDate "2021.01.31"]
[SourceQuality "1"]

1. e4 c5 2. Nf3 d6 3. d4 cxd4 4. Qxd4 Nc6 5. Bb5 Bd7 6. Bxc6 bxc6 7. Bg5 Qa5+ 8. Nc3 Bg4 9. Bd2 Qc7 10. Qc4 Bxf3 11. gxf3 Nf6 12. 0-0 Rc8 13. Bg5 Nd7 14. Rad1 h6 15. Be3 Ne5 16. Qe2 g5 17. f4 gxf4 18. Bxf4 Bg7 19. Kh1 Ng6 20. Be3 Qb7 21. Qg4 Rd8 22. Na4 Qb5 23. b3 h5 24. Qg2 h4 25. h3 Qb7 26. f4 Kf8 27. f5 Ne5 28. Rg1 Bf6 29. Nc5 Qb4 30. Bh6+ Rxh6 31. Qg8# 1-0

[Event "GEO-ch (Women) 77th"]
[Site "Tbilisi"]
[Date "2020.07.27"]
[Round "6"]
[White "Gvetadze, Sofio"]
[Black "Khukhashvili, Sopiko"]
[Result "1-0"]
[WhiteElo "2308"]
[BlackElo "2339"]
[PlyCount "114"]
[EventDate "2020.07.21"]
[EventType "tourn"]
[EventRounds "9"]
[EventCountry "GEO"]
[EventCategory "4"]
[SourceTitle "CBM 197 Extra"]
[Source "ChessBase"]
[SourceDate "2020.09.30"]
[SourceVersion "1"]
[SourceVersionDate "2020.09.30"]
[SourceQuality "1"]

1. e4 c5 2. Nf3 d6 3. b3 Nf6 4. Nc3 a6 5. a4 b6 6. Bc4 e6 7. 0-0 Bb7 8. Re1 Nc6 9. d4 cxd4 10. Nxd4 Ne5 11. Bf1 Qc7 12. Bb2 g5 13. Qd2 g4 14. f4 gxf3 15. gxf3 Rg8+ 16. Kh1 Rg6 17. Rad1 Bh6 18. Qf2 Qc5 19. Bg2 0-0-0 20. Bh3 Kb8 21. Nb1 b5 22. b4 Qa7 23. axb5 Nc4 24. Nc6+ Bxc6 25. Bd4 Qc7 26. bxc6 e5 27. Ba7+ Qxa7 28. Qxa7+ Kxa7 29. c7 Rdg8 30. c8Q Rxc8 31. Bxc8 Bf4 32. Rd3 Rh6 33. Re2 Nh5 34. Kg1 Bc1 35. Re1 Nf4 36. Rc3 Nb6 37. Bf5 Kb7 38. Rb3 Nc4 39. Kh1 Bb2 40. Rg1 Bd4 41. Rg7 Ne2 42. Na3 Nd2 43. Rd3 Nf1 44. Rxh7 Nfg3+ 45. Kg2 Nxf5 46. Rxf7+ Kc6 47. Rxf5 Bg1 48. Kf1 Rxh2 49. Nc4 Ba7 50. Rxd6+ Kb5 51. Nxe5 Ng3+ 52. Ke1 Nxf5 53. exf5 Kxb4 54. f6 Kc3 55. Rc6+ Kd4 56. f7 Rh8 57. Ng6 Kd5 1-0

[Event "Silkway Cup Online"]
[Site "Playchess.com INT"]
[Date "2020.05.28"]
[Round "13"]
[White "Batsiashvili, Nino"]
[Black "Khukhashvili, Sopiko"]
[Result "1/2-1/2"]
[WhiteElo "2457"]
[BlackElo "2339"]
[PlyCount "172"]
[EventDate "2020.05.26"]
[EventType "swiss (blitz)"]
[EventRounds "15"]
[EventCountry "AZE"]
[SourceTitle "CBM 196"]
[Source "ChessBase"]
[SourceDate "2020.06.30"]
[SourceVersion "1"]
[SourceVersionDate "2020.06.30"]
[SourceQuality "1"]

1. d4 Nf6 2. Nf3 e6 3. Bf4 b6 4. e3 Bb7 5. Nbd2 Be7 6. Bd3 c5 7. h3 Nc6 8. c3 cxd4 9. exd4 d6 10. 0-0 e5 11. Bh2 0-0 12. Re1 exd4 13. cxd4 d5 14. Nf1 Bb4 15. Re2 Re8 16. Rxe8+ Qxe8 17. Ne3 g6 18. Qb3 Rd8 19. Ne5 Bd2 20. Qd1 Bxe3 21. fxe3 Ne4 22. Qf3 f6 23. Nxc6 Qxc6 24. Rf1 Kg7 25. Qe2 Rc8 26. Bf4 h5 27. a3 Qa4 28. Bh2 Qb3 29. Bf4 b5 30. Bh2 a5 31. Bxe4 dxe4 32. Qf2 Rc6 33. Be5 Qe6 34. Qf4 Qf5 35. Qxf5 gxf5 36. Bg3 Kg6 37. Rf2 Rc1+ 38. Kh2 Bd5 39. Bd6 h4 40. g3 hxg3+ 41. Kxg3 Bc4 42. h4 Rg1+ 43. Kh2 Re1 44. Bf4 Kh5 45. Kg3 Rg1+ 46. Kh2 Re1 47. Kg3 Be2 48. Bc7 a4 49. Rxf5+ Kg6 50. Rc5 Rb1 51. Kf4 Bd3 52. Rc6 Rxb2 53. Bd8 Rf2+ 54. Kg3 Rf3+ 55. Kg2 Bf1+ 56. Kg1 Bh3 57. h5+ Kxh5 58. Rxf6 Rxe3 59. Rb6 Rb3 60. d5 e3 61. Rb7 Rb1+ 62. Kh2 Bf5 63. Ba5 Kg4 64. Rg7+ Kf3 65. Rg3+ Ke4 66. d6 Rd1 67. Bb6 Rxd6 68. Bxe3 Rd3 69. Bc5 Rd2+ 70. Rg2 Rd5 71. Bb4 Rd3 72. Re2+ Kd5 73. Re7 Kc4 74. Rc7+ Kb3 75. Rc5 Bd7 76. Rc7 Ka2 77. Kg2 Be6 78. Rc5 Bc4 79. Kf2 Rxa3 80. Bxa3 Kxa3 81. Ke3 Kb2 82. Rg5 a3 83. Kd4 Bb3 84. Rxb5 a2 85. Ra5 a1Q 86. Rxa1 Kxa1 1/2-1/2